| 000 | 00373nam a22001337a 4500 | ||
|---|---|---|---|
| 020 | _a0-07-058146-0 | ||
| 082 |
_a300 _bBAN/Q |
||
| 100 | _aSHOBHA BANERJEE, NALINI BAHL | ||
| 245 |
_aQUESTION BANK IN SOCIAL SCIENCES _bFOR CLASS IX |
||
| 260 |
_aDELHI _bTATA McGRAW HILL PUBLICATIONS _c2004 |
||
| 300 | _a190 | ||
| 650 |
_aQUESTION BANK SERIES SOCIAL SCIENCE _zINDIA |
||
| 942 | _cBK | ||
| 999 |
_c944 _d944 |
||